Công tác lắp ghép và xây gạch đá

Guardado en:
Detalles Bibliográficos
Formato: Libro
Lenguaje:Vietnamese
Publicado: Khoa học Kỹ Thuật 1998
Materias:
Etiquetas: Agregar Etiqueta
Sin Etiquetas, Sea el primero en etiquetar este registro!
Thư viện lưu trữ: Mạng thư viện Đại học Đà Nẵng
LEADER 01000nam a2200301 a 4500
001 000003462
003 03085
005 20171229145311.0
008 171229s1998 vie
040 |a LSK 
041 0 |a VIE 
082 0 |a 690.1  |b VO-B 
245 0 0 |a Công tác lắp ghép và xây gạch đá  |c Võ Quốc Bảo, Nguyễn Đình Thám, Lương Anh Tuấn 
260 |b Khoa học Kỹ Thuật  |c 1998 
300 |a 176 pages  |c 27 cm. 
653 |a Xây dựng 
852 |a Phòng Đọc - Phòng Mượn 
901 |a 20 
927 |a Sách tham khảo 
OWN |a LSK 
AVA |a UDN50  |b LSK  |d 690.1 VO-B  |e check_holdings  |t Error 5003 Not defined in file expand_doc_bib_avail.  |h N  |k 1 
999 |a From the UDN01 
AVA |a UDN50  |b LSK  |d 690.1 VO-B  |e available  |t Error 5001 Not defined in file expand_doc_bib_avail.  |f 20  |g 0  |h N  |i 0  |k 1 
TYP |a Monograph 
TYP |a Printed language 
980 |a Mạng thư viện Đại học Đà Nẵng